ফার্মিং সিষ্টেম সম্প্রসারণ নির্দেশিকা ১৯৯৩-৯৪ দ্বিতীয় খন্ড / (Record no. 4506)

MARC details
000 -LEADER
fixed length control field 00849nam a22001937a 4500
001 - CONTROL NUMBER
control field BD-DhSAU 4506
003 - CONTROL NUMBER IDENTIFIER
control field BD-DhSAU
005 - DATE AND TIME OF LATEST TRANSACTION
control field 20150223095428.0
008 - FIXED-LENGTH DATA ELEMENTS--GENERAL INFORMATION
fixed length control field 150223b1993 bg a||||r|||| 000 0 b d
040 ## - CATALOGING SOURCE
Original cataloging agency BD-DhSAU
082 ## - DEWEY DECIMAL CLASSIFICATION NUMBER
Edition number 22
Classification number ৬৩১.৫৪
Item number ফার্মি
110 ## - MAIN ENTRY--CORPORATE NAME
Corporate name or jurisdiction name as entry element কৃষি সম্প্রসারণ অধিদপ্তর।
245 ## - TITLE STATEMENT
Title ফার্মিং সিষ্টেম সম্প্রসারণ নির্দেশিকা ১৯৯৩-৯৪ দ্বিতীয় খন্ড /
260 ## - PUBLICATION, DISTRIBUTION, ETC. (IMPRINT)
Place of publication, distribution, etc. ঢাকা :
Name of publisher, distributor, etc. কৃষি সম্প্রসারণ অধিদপ্তর,
Date of publication, distribution, etc. ১৯৯৩.
300 ## - PHYSICAL DESCRIPTION
Extent ২৩২ পৃ. :
Other physical details চিত্র ;
Dimensions ২৪ সেমি
440 ## - SERIES STATEMENT/ADDED ENTRY--TITLE
Number of part/section of a work ২য় খন্ড।
590 ## - Name of Cataloguer
Name of Cataloger joy
650 ## - SUBJECT ADDED ENTRY--TOPICAL TERM
Topical term or geographic name as entry element ফার্মিং সিষ্টেম
942 ## - ADDED ENTRY ELEMENTS (KOHA)
Source of classification or shelving scheme Dewey Decimal Classification
Koha item type Book
Holdings
Withdrawn status Lost status Source of classification or shelving scheme Damaged status Not for loan Home library Branch Name Shelving location Date acquired Total Checkouts Full call number Barcode Date last seen Price effective from Koha item type Collection code
    Dewey Decimal Classification     SAU Library SAU Library General Stacks 23/12/1999   ৬৩১.৫৪ ফার্মি 27767 23/02/2015 23/02/2015 Book  
    Dewey Decimal Classification   Not For Loan SAU Library SAU Library Reference 30/05/2015   ৬৩১.৫৪ ফার্মি 32345 30/05/2015 30/05/2015 Book Reference